Harmful algae

Saved in:
Bibliografiske detaljer
Main Authors: Reguera, Beatriz (Author), Blanco, Juan (Author), Fernández, María Luisa (Author), Wyatt, Timothy (Author)
Format: Bog
Sprog:engelsk
Udgivet: Santiago de Compostela Xunta de Galicia 1998
Fag:
Tags: Tilføj Tag
Ingen Tags, Vær først til at tagge denne postø!

MARC

LEADER 00000nam a2200000 a 4500
001 UCN6070
003 CL-VaPUC
005 20230629103917.0
008 010913e19980000sp 1 eng d
082 0 4 |a 579.8  |b REG  |2 21 
100 1 |a Reguera, Beatriz  |e author  |9 619970 
700 1 |a Blanco, Juan  |e author  |9 619971 
700 1 |a Fernández, María Luisa  |e author  |9 619972 
700 1 |a Wyatt, Timothy  |e author  |9 619973 
245 1 0 |a Harmful algae 
246 1 0 |a Algas nocivas: proceedings 
260 |a Santiago de Compostela  |b Xunta de Galicia  |c 1998 
300 |a 635 p 
583 |a last modification  |c 20180606 10:57:32  |k Rodrigo Vera 
650 0 0 |a Algas (algae)  |9 261246 
650 0 0 |a Distribución geográfica  |9 260005 
650 0 0 |a Algas nocivas  |9 619974 
650 0 0 |a Taxonomia  |9 341054 
942 |c BK 
945 |a cmena  |d 20010913 00:00:00 
546 |a En Inglés 
518 |p International Conference on Harmful Algae, 8, Vigo, 25 al 29 de Junio de 1997 
999 |c 383692  |d 383690